000 00530nam a22001937a 4500
001 1963264
003 OSt
005 20250901165816.0
008 881228s1979 ke 000 0 eng
010 _a 87981099
040 _aDLC
_cDLC
_dDLC
050 0 0 _aPR 9369 .9 .I43 2012
100 1 _aImbuga, F. D.,
_d1947-
245 1 4 _aThe successor /
_cFrancis Imbuga.
260 _aNairobi :
_bHeinemann Educational Books,
_c1979.
300 _a66 p. ;
_c19 cm.
906 _a7
_bcbc
_corignew
_du
_encip
_f19
_gy-gencatlg
942 _2lcc
_cBK
999 _c9489
_d9489